El juego en la iniciación de la lectura y escritura de los niños de preprimario del nivel inicial en el Centro Educativo La Destiladera, Municipio La Vega, año escolar 2020-2021 / (Record no. 13094)
[ view plain ]
| 000 -LEADER | |
|---|---|
| campo de control de longitud fija | 01246 a2200253 4500 |
| 003 - IDENTIFICADOR DE NÚMERO DE CONTROL | |
| campo de control | DO-SdUA |
| 005 - FECHA Y HORA DE LA ÚLTIMA TRANSACCIÓN | |
| campo de control | 20250325093543.0 |
| 008 - DATOS DE LONGITUD FIJA--INFORMACIÓN GENERAL | |
| campo de control de longitud fija | s2022 dr a|| |||| 0 |a||0|spa d |
| 040 ## - FUENTE DE CATALOGACIÓN | |
| Centro catalogador/agencia de origen | DO-SdUA |
| Lengua de catalogación | spa |
| Centro/agencia transcriptor | DO-SdUA |
| 041 0# - CÓDIGO DE IDIOMA | |
| Código de lengua del texto/banda sonora o título independiente | spa |
| 092 ## - ASIGNACIÓN LOCAL DE SIGNATURA TOPOGRÁFICA DEWEY (OCLC) | |
| Número de clasificación | MA-PPGE 0046 FCE 2022 |
| 100 1# - ENTRADA PRINCIPAL--NOMBRE DE PERSONA | |
| Nombre de persona | Hernández Rodríguez, Yudith Inmaculada |
| 245 13 - MENCIÓN DEL TÍTULO | |
| Título | El juego en la iniciación de la lectura y escritura de los niños de preprimario del nivel inicial en el Centro Educativo La Destiladera, Municipio La Vega, año escolar 2020-2021 / |
| Mención de responsabilidad, etc. | Yudith Inmaculada Hernández Rodríguez. |
| 260 ## - PUBLICACIÓN, DISTRIBUCIÓN, ETC. | |
| Lugar de publicación, distribución, etc. | Concepción de La Vega : |
| Nombre del editor, distribuidor, etc. | UASD, |
| Fecha de publicación, distribución, etc. | 2022. |
| 300 ## - DESCRIPCIÓN FÍSICA | |
| Extensión | vi, 138, h. : |
| Otras características físicas | il. |
| 502 ## - NOTA DE TESIS | |
| Nota de tesis | Tesis y trabajo de grado (Maestría en Procesos Pedagógicos y Gestión de la Educación Infantil)--Universidad Autónoma de Santo Domingo, Concepción de La Vega , 2022. |
| 504 ## - NOTA DE BIBLIOGRAFÍA, ETC. | |
| Nota de bibliografía, etc. Nota | Incluye referencias bibliográficas y anexos. |
| 650 #7 - PUNTO DE ACCESO ADICIONAL DE MATERIA--TÉRMINO DE MATERIA | |
| Término de materia o nombre geográfico como elemento de entrada | Actividades creativas y trabajo de clase |
| Fuente del encabezamiento o término | lemb |
| 9 (RLIN) | 630 |
| 650 #7 - PUNTO DE ACCESO ADICIONAL DE MATERIA--TÉRMINO DE MATERIA | |
| Término de materia o nombre geográfico como elemento de entrada | Comprensión de lectura |
| Fuente del encabezamiento o término | lemb |
| 9 (RLIN) | 6341 |
| 650 #7 - PUNTO DE ACCESO ADICIONAL DE MATERIA--TÉRMINO DE MATERIA | |
| Término de materia o nombre geográfico como elemento de entrada | Escritura |
| Fuente del encabezamiento o término | lemb |
| 9 (RLIN) | 11946 |
| Subdivisión general | Enseñanza |
| 650 #7 - PUNTO DE ACCESO ADICIONAL DE MATERIA--TÉRMINO DE MATERIA | |
| Término de materia o nombre geográfico como elemento de entrada | Educación preescolar |
| Fuente del encabezamiento o término | lemb |
| 9 (RLIN) | 10519 |
| Subdivisión general | Investigaciones |
| 830 ## - PUNTO DE ACCESO ADICIONAL DE SERIE-TÍTULO UNIFORME | |
| Título uniforme | Tesis y disertaciones acadm̌icas (Universidad Autn̤oma de Santo Domingo) |
| 942 ## - ELEMENTOS DE ENTRADA SECUNDARIOS (KOHA) | |
| Fuente de la clasificación o esquema de estantería | |
| Tipo de ítem Koha | |
| Suprimir en OPAC | No |
No items available.